01554nab a22002897a 450000500170000000800410001704000250005804100080008304400070009110000410009824501690013924600870030826000840039530000480047950400570052752002390058465000470082365000320087065000550090270000340095770000440099170000350103570000380107077301230110894200160123199900170124720150724083422.0150723b2015 ck ||||r|||| 00| 0 spa d aCO-BoIAVHcCO-BoIAVH aspa ack1 aContreras Lozano, Karen Paola93623913aEl Nopal (Opuntia ficus-indica) como coagulante natural complementario en la clarificación de aguacKaren Paola Contreras Lozano, Yelitza Aguas Mendoza...[et.al.] aNopal (Opuntia ficus-indica) as a complementary natural coagulant to clarify water3 aCaldas, Antioquía (Colombia):bCorporación Universitaria Lasallista,c2015. aAño 2015, Nro 1, Enero-Junio, Pag. 40-50. aIncluye referencias bibliográficas (Pág. 49-50). aLa clarificación es un proceso preliminar en la potabilización del agua, que consiste en la aplicación de un coagulante que agrupe las partículas en suspensión haciéndolas flocular , para luego separarlas por filtración. 6aOpuntia ficus indicaxCoagulación936247 6aNopalxCoagulación936248 4aContaminación del aguaxControlzColombia9362491 aAguas Mendoza, Yelitza9362431 aSalcedo Mendoza, Jairo Guadalupe9362441 aOliverio Verbel, Rafael9362451 aMendoza Ortega, Gean Pablo9362460 dCaldas (Antioquia) : Corporación Universitaria Lasallista, 2006- .o042058tProducción más limpia / x19090455 2zcARTICULO c17617d17617